|
|
|
|
| LEADER |
00000cam a22000004a 4500 |
| 001 |
musev2_9658 |
| 003 |
MdBmJHUP |
| 005 |
20230905041113.0 |
| 006 |
m o d |
| 007 |
cr||||||||nn|n |
| 008 |
081024s2009 pau o 00 0 eng d |
| 010 |
|
|
|z 2008043768
|
| 020 |
|
|
|a 9781439903445
|
| 020 |
|
|
|z 9781592132997
|
| 020 |
|
|
|z 9781592133000
|
| 035 |
|
|
|a (OCoLC)609859195
|
| 040 |
|
|
|a MdBmJHUP
|c MdBmJHUP
|
| 043 |
|
|
|a n-us-nj
|
| 050 |
0 |
4 |
|a F144.U58
|b P754 2009
|
| 082 |
0 |
|
|a 305.868/7291074926
|2 22
|
| 100 |
1 |
|
|a Prieto, Yolanda.
|
| 245 |
1 |
4 |
|a The Cubans of Union City :
|b Immigrants and Exiles in a New Jersey Community /
|c Yolanda Prieto.
|
| 264 |
|
1 |
|a Philadelphia :
|b Temple University Press,
|c 2009.
|
| 264 |
|
3 |
|a Baltimore, Md. :
|b Project MUSE,
|c 2012
|
| 264 |
|
4 |
|c ©2009.
|
| 300 |
|
|
|a 1 online resource (223 pages):
|b ill., maps ;
|
| 336 |
|
|
|a text
|b txt
|2 rdacontent
|
| 337 |
|
|
|a computer
|b c
|2 rdamedia
|
| 338 |
|
|
|a online resource
|b cr
|2 rdacarrier
|
| 504 |
|
|
|a Includes bibliographical references (p. [183]-194) and index.
|
| 588 |
|
|
|a Description based on print version record.
|
| 650 |
|
0 |
|a Sex role
|z New Jersey
|z Union City.
|
| 650 |
|
0 |
|a Political culture
|z New Jersey
|z Union City.
|
| 650 |
|
0 |
|a Community life
|z New Jersey
|z Union City.
|
| 650 |
|
0 |
|a Social change
|z New Jersey
|z Union City.
|
| 650 |
|
0 |
|a Exiles
|z New Jersey
|z Union City
|x Social conditions.
|
| 650 |
|
0 |
|a Immigrants
|z New Jersey
|z Union City
|x Social conditions.
|
| 650 |
|
0 |
|a Cuban Americans
|z New Jersey
|z Union City
|x Social conditions.
|
| 651 |
|
0 |
|a Union City (N.J.)
|x Religious life and customs.
|
| 651 |
|
0 |
|a Union City (N.J.)
|x Social conditions.
|
| 651 |
|
0 |
|a Union City (N.J.)
|x Ethnic relations.
|
| 655 |
|
7 |
|a Electronic books.
|2 local
|
| 710 |
2 |
|
|a Project Muse.
|e distributor
|
| 830 |
|
0 |
|a Book collections on Project MUSE.
|
| 856 |
4 |
0 |
|z Texto completo
|u https://projectmuse.uam.elogim.com/book/9658/
|
| 945 |
|
|
|a Project MUSE - Custom Collection
|
| 945 |
|
|
|a Project MUSE - Archive Complete Foundation
|
| 945 |
|
|
|a Project MUSE - Archive US Regional Studies, New England and Mid Atlantic Foundation
|
| 945 |
|
|
|a Project MUSE - Archive American Studies Foundation
|